| 000 | 01496cam a2200349Ia 4500 | ||
|---|---|---|---|
| 001 | zsdlsd b945578 | ||
| 003 | OCoLC | ||
| 005 | 20240520194827.0 | ||
| 008 | 980528s1997 mx a j 000 1 spa d | ||
| 020 |
_a9681654633 : _c$6.99 |
||
| 020 | _a9789681654634 | ||
| 040 |
_aSJP _cSJP _dBKL _dOCL _dJTB |
||
| 041 | 1 |
_aspa _bpor |
|
| 092 | 0 | _aSPA FIC/MACHADO | |
| 100 | 1 |
_aMachado, Ana Maria, _d1941- |
|
| 240 | 1 | 0 |
_aBisa bia, bisa bel. _lSpanish. |
| 245 | 1 | 0 |
_aBisa Bea, bisa Bel / _cAna Maria Machado ; ilustraciones de Vicent Marco ; traduccion de Fatima Andreu. |
| 250 | _a2a ed. | ||
| 260 |
_aMexico, D.F. : _bFondo de Cultura Economica, _c1997. |
||
| 300 |
_a76 p. : _bill. ; _c19 cm. |
||
| 440 | 2 |
_aA la orilla del viento ; _v98. |
|
| 500 | _a"Para los que leen bien"--P. [4] of cover. | ||
| 500 | _aTranslation of: Bisa Bia, Bisa Bel. | ||
| 520 | _aIsabel is enchanted with an old photograph of her great-grandmother, taken when she was about Isabel's age. An imaginary dialogue develops between the two and from the mixture of the two generations with their differing points of view, clothes and lifestyles, a new personage emerges. A picture of life in Brazil is given through the eyes of Isabel and her great-grandmother. | ||
| 521 | 1 | _a007-009. | |
| 650 | 0 |
_aGreat-grandmothers _vFiction. |
|
| 650 | 0 |
_aConflict of generations _vFiction. |
|
| 651 | 0 |
_aBrazil _vFiction. |
|
| 700 | 1 |
_aMarco, Vicent _eillustrator |
|
| 700 | 1 |
_aAndreu, Fatima. _etranslator |
|
| 942 |
_cBK _2ddc |
||
| 999 |
_c29770 _d29768 |
||